Culture Générale : Histoire Nº1 - Statistiques

Statistiques générales
  • Ce quiz a été pris 781 fois
  • Le résultat moyen est 7 sur 15
Statistiques - réponses
Question Réponse % Correct
Autrefois,quel titre portait les souverains d'Égypte ? Pharaon
90%
Bataille la plus meurtrière de la Première Guerre Mondiale. Verdun
88%
Ancien nom de la ville de Paris. Lutèce
76%
Quel canal fut inauguré en 1869 par l'Impératrice des Français Eugénie de Montijo ? Suez
59%
Terme désignant la reprise progressive du territoire espagnol aux Musulmans. Reconquista
54%
Qui a écrit "Au bonheur des Dames" ? Émile Zola
52%
Navigateur portugais connu pour avoir été le premier européen a avoir franchi le Cap de Bonne Espérance. Vasco de Gama
52%
Dans la légende arthurienne,elle est la femme du Roi Arthur. Guenièvre
45%
Inventeur de la dynamite Alfred Nobel
43%
Personnage historique surnommé « Le Fléau de Dieu ». Attila
38%
Seule merveille du monde antique à être encore debout de nos jours. Pyramide de Khéops
24%
Quel calendrier a-t-on utilisé en France jusqu'en 1564 ? Julien
23%
Jusqu'à son unification,quels étaient les 2 principaux territoires espagnols ? Castille et Aragon
14%
Empereur du Mali,considéré comme l'homme le plus riche de tous les temps. Mansa Moussa
11%
Reine d'Angleterre du XVIe siècle connue pour sa cruauté. Marie Ière
2%
Aucun quiz correspondant
Distribution des résultats
% des personnes avec chaque résultat
Percentile par nombre de réponses
Votre historique - résultats
Vous n’avez pas pris ce quiz